[Event "1er Open d'Espalion"]
[Site "Espalion (12)"]
[Date "2016.07.15"]
[Round "8.17"]
[White "Moulie, Patrick"]
[Black "Lemaire, Frederic"]
[Result "0-1"]
[WhiteElo "1611"]
[BlackElo "1468"]
[PlyCount "42"]
[EventDate "2016.??.??"]

1. e4 e5 2. f4 exf4 3. Nf3 Nc6 4. d4 Bb4+ 5. c3 Ba5 6. Bxf4 d6 7. a4 a6 8. Bc4
Nge7 9. O-O d5 10. exd5 Nxd5 11. Ne5 Be6 12. Nxc6 bxc6 13. Bd2 O-O 14. Na3 Bb6
15. b4 a5 16. b5 c5 17. dxc5 Bxc5+ 18. Kh1 Bd6 19. Qb3 Qh4 20. Kg1 Bxh2+ 21.
Kh1 Bg3+ 0-1

[Event "1er Open d'Espalion"]
[Site "Espalion (12)"]
[Date "2016.07.15"]
[Round "8.18"]
[White "Dubertrand, Bernard"]
[Black "Rollot, Nathalie"]
[Result "1/2-1/2"]
[WhiteElo "1583"]
[BlackElo "1344"]
[PlyCount "87"]
[EventDate "2016.??.??"]

1. e4 e5 2. Nf3 Nc6 3. Bc4 Bc5 4. c3 a5 5. d4 exd4 6. cxd4 Be7 7. d5 Na7 8. e5
b5 9. d6 cxd6 10. Bxf7+ Kxf7 11. Qd5+ Ke8 12. Qxa8 Nc6 13. Be3 Nh6 14. Bb6 Qxb6
15. Qxc8+ Bd8 16. e6 Qa7 17. O-O Ng8 18. Nc3 Nge7 19. Qxd7+ Qxd7 20. exd7+ Kxd7
21. Nxb5 Bb6 22. Rad1 d5 23. Rfe1 d4 24. Nfxd4 Nxd4 25. Nxd4 Ke8 26. Nc6 Bc5
27. a3 $4 (27. Rd8+ Kf7 28. Ne5+ Kf6 29. Rxh8) (27. Rd5 Bb4 28. Nxb4 axb4 29.
Rde5) 27... Rf8 28. Rd5 Bxf2+ 29. Kf1 Bxe1+ 30. Kxe1 Nxd5 31. Nxa5 Nf4 32. b4
Rf7 33. g3 Nd5 34. Ke2 Ra7 35. Kd3 Kd7 36. Kd4 Ne7 37. Kc5 Nc8 38. Nc4 Rc7+ 39.
Kd4 Kc6 40. a4 Na7 41. Ne5+ Kb6 42. Nc4+ Kc6 43. Ne5+ Kb6 44. Nc4+ 1/2-1/2

[Event "1er Open d'Espalion"]
[Site "Espalion (12)"]
[Date "2016.07.15"]
[Round "8.19"]
[White "Gaubert, Cedric"]
[Black "Dutertre, Jean-Michel"]
[Result "1-0"]
[WhiteElo "1518"]
[BlackElo "1583"]
[PlyCount "77"]
[EventDate "2016.??.??"]

1. Nf3 g6 2. d4 d5 3. Bf4 Bg7 4. e3 c6 5. Nbd2 Bg4 6. h3 Bf5 7. c4 Nf6 8. Qb3
b6 9. Be2 O-O 10. O-O Qc8 11. Rac1 dxc4 12. Bxc4 Qb7 13. Ng5 e6 14. g4 h6 15.
Nxf7 Nxg4 16. hxg4 Bxg4 17. Nxh6+ Bxh6 18. Bxh6 Re8 19. Bf4 Nd7 20. f3 Bh5 21.
Bxe6+ Kh7 22. Rf2 Nf6 23. Bg5 Nd5 24. Bxd5 cxd5 25. Qd3 Qf7 26. Bf4 Qe6 27.
Rc7+ Re7 28. Qc2 Rae8 29. Qc6 Rxc7 30. Qxc7+ Re7 31. Qe5 Qd7 32. Qd6 Qb7 33.
Be5 Rd7 34. Qf6 Qc8 35. Nb3 Qe8 36. f4 Rf7 37. Qd6 Rd7 38. Qb8 Rd8 39. Qxa7+
1-0

[Event "1er Open d'Espalion"]
[Site "Espalion (12)"]
[Date "2016.07.15"]
[Round "8.20"]
[White "Brochet, Thierry"]
[Black "Fabre, Jean-Michel"]
[Result "1-0"]
[WhiteElo "1582"]
[BlackElo "1328"]
[PlyCount "125"]
[EventDate "2016.??.??"]

1. e4 e5 2. Nf3 Nc6 3. Bc4 Bc5 4. c3 Nf6 5. d3 O-O 6. Nbd2 d6 7. Nf1 Na5 8. Bb5
Bb6 9. Ng3 c5 10. O-O a6 11. Ba4 Bg4 12. h3 Bd7 13. Bc2 Ba7 14. Be3 Nc6 15. d4
Bc8 16. dxe5 Nxe5 17. Nxe5 dxe5 18. Qf3 Be6 19. Rfd1 Qe7 20. Bg5 h6 21. Bxf6
Qxf6 22. Qxf6 gxf6 23. b3 Rfd8 24. c4 b5 25. cxb5 axb5 26. Ne2 Rdc8 27. Nc3 b4
28. Nd5 Bxd5 29. Rxd5 c4 30. bxc4 Rxc4 31. Bb3 Rd4 32. Rc1 Rf8 33. Ra5 Bb6 34.
Rb5 Ba7 35. Rb7 Bb8 36. Rc4 Rxc4 37. Bxc4 Bd6 38. Kf1 Kg7 39. Ke2 Kg6 40. f3 h5
41. Rd7 Bc5 42. Bd5 Kg7 43. Kd3 Kg6 44. Kc4 Rc8 45. Bxf7+ Kg5 46. Kb3 Kh4 47.
Bd5 Kg3 48. Rg7+ Kf2 49. Rg6 Be7 50. Rg7 Bf8 51. Rf7 Kxg2 52. Rxf6 Rb8 53. Rf5
h4 54. Rxe5 Kxf3 55. Rg5 Kf4 56. Rg4+ Ke5 57. Rxh4 Rc8 58. Rg4 Rc3+ 59. Kb2
Rxh3 60. Rg5+ Kd4 61. Bb3 Bd6 62. Rd5+ Kxe4 63. Rxd6 1-0

[Event "1er Open d'Espalion"]
[Site "Espalion (12)"]
[Date "2016.07.15"]
[Round "8.21"]
[White "Bonot, Bernard"]
[Black "Meyer, Bernard"]
[Result "0-1"]
[WhiteElo "1374"]
[BlackElo "1354"]
[PlyCount "143"]
[EventDate "2016.??.??"]

1. b3 e5 2. Bb2 Nc6 3. e3 d6 4. Nf3 Nf6 5. Be2 Be7 6. O-O O-O 7. h3 b6 8. Nh2
Bb7 9. d4 exd4 10. exd4 a6 11. Bf3 Rb8 12. c4 d5 13. cxd5 Nxd5 14. Nc3 Nxc3 15.
Bxc3 Bf6 16. Bxc6 Bxc6 17. Rc1 Qd5 18. f3 Bb7 19. Ng4 Be7 20. Rc2 Rbd8 21. Qc1
Bc8 22. Re1 Rfe8 23. Rce2 Qd7 24. Ne5 Qd6 25. Nc4 Qd7 26. Bb2 Bb4 27. Rxe8+
Rxe8 28. Rxe8+ Qxe8 29. Ne5 Bd6 30. Kf2 f6 31. Nc4 Bf8 32. Ne3 c5 33. d5 Bb7
34. Qd1 Qd8 35. g4 b5 36. a3 a5 37. Qd3 b4 38. a4 Bd6 39. Qb5 Ba8 40. Qc4 Kh8
41. f4 h6 42. Kf3 Qg8 43. Bc1 Qf8 44. Qb5 Qf7 45. Qc4 g5 46. f5 Bf4 47. Qxc5
Kh7 48. Bb2 Bxe3 49. Qxe3 Qxd5+ 50. Ke2 Qg2+ 51. Kd3 Qd5+ 52. Ke2 Qg2+ 53. Kd3
Qd5+ 54. Ke2 Kg7 55. Qe7+ Qf7 56. Qe3 Bd5 57. Qb6 Bxb3 58. Qxa5 Bc4+ 59. Kf2
Qe7 60. Kg1 Qe3+ 61. Kh2 Qe2+ 62. Kg1 Qxb2 63. Qc7+ Bf7 64. a5 Qd4+ 65. Kf1 b3
66. Qb7 b2 67. Ke2 Qc4+ 68. Kf3 Qc1 69. Qd7 b1=Q 70. a6 Qh1+ 71. Ke3 Qbe4+ 72.
Kf2 0-1

[Event "1er Open d'Espalion"]
[Site "Espalion (12)"]
[Date "2016.07.15"]
[Round "8.22"]
[White "Ausseil, Pascal"]
[Black "Rollot, Priscillia"]
[Result "1-0"]
[WhiteElo "1399"]
[BlackElo "1210"]
[PlyCount "111"]
[EventDate "2016.??.??"]

1. e4 e5 2. Nf3 Nc6 3. Bc4 Nf6 4. Nc3 Bc5 5. O-O d6 6. h3 Bd7 7. Ng5 O-O 8. d3
a6 9. Nd5 b5 10. Bb3 Nd4 11. Nxf6+ Qxf6 12. Qh5 h6 13. Bxf7+ Rxf7 14. Qxf7+
Qxf7 15. Nxf7 Kxf7 16. c3 Ne2+ 17. Kh2 Nxc1 18. Raxc1 Be6 19. Rce1 Bxa2 20. f4
exf4 21. Rxf4+ Kg8 22. d4 Bb6 23. e5 dxe5 24. Rxe5 c6 25. Re7 Rc8 26. Rb7 Bc7
27. g3 Bxf4 28. gxf4 Rf8 29. Kg3 Bd5 30. Ra7 Rb8 31. b4 Rb6 32. f5 Be4 33. Kf4
Bg2 34. h4 g5+ 35. fxg6 Kh8 36. g7+ Kg8 37. Kf5 Bh3+ 38. Kf6 c5+ 39. Ke5 Rg6
40. dxc5 Rxg7 41. Rxg7+ Kxg7 42. c6 Kg6 43. Kd5 Kh5 44. Kc5 Kxh4 45. Kb6 Kg3
46. Kxa6 Kf3 47. Kxb5 Ke3 48. c7 Kd3 49. Kc5 Kxc3 50. b5 Bc8 51. Kc6 h5 52. b6
h4 53. b7 Bxb7+ 54. Kxb7 h3 55. c8=Q+ Kd3 56. Qxh3+ 1-0

[Event "1er Open d'Espalion"]
[Site "Espalion (12)"]
[Date "2016.07.15"]
[Round "8.23"]
[White "Antos, Claude"]
[Black "Jonker, Jan"]
[Result "0-1"]
[WhiteElo "1050"]
[BlackElo "1380"]
[PlyCount "80"]
[EventDate "2016.??.??"]

1. e4 e6 2. Nf3 c5 3. Bc4 Nc6 4. d4 cxd4 5. Nxd4 d5 6. Bb5 Bd7 7. h4 Bc5 8. Bg5
Qb6 9. Qf3 Bxd4 10. Bxc6 Bxc6 11. Qf4 e5 12. Qf5 Bd7 13. Qf3 Qxb2 14. O-O Qxa1
15. Qb3 h6 16. Bc1 Nf6 17. Qb4 Nxe4 18. Ba3 Bc5 19. Qxb7 Ke7 20. Rd1 Bxa3 21.
Rxd5 Bd6 22. f3 Nc3 23. Rd3 Qxb1+ 24. Qxb1 Nxb1 25. g3 Rhc8 26. f4 e4 27. Re3
f5 28. Re1 Na3 29. c3 Rxc3 30. Rd1 Rxg3+ 31. Kf1 Bc5 32. Rc1 Bb5+ 33. Ke1 Bb4+
34. Kf2 Rf3+ 35. Kg2 Rd8 36. Rc7+ Rd7 37. Rc1 Rd2+ 38. Kh1 Rh3+ 39. Kg1 Rc2 40.
Rd1 Bc5+ 0-1

[Event "1er Open d'Espalion"]
[Site "Espalion (12)"]
[Date "2016.07.15"]
[Round "8.24"]
[White "Ausseil-Bordignon, Aurelien"]
[Black "Ferraye, Elio"]
[Result "0-1"]
[WhiteElo "1009"]
[BlackElo "1250"]
[PlyCount "70"]
[EventDate "2016.??.??"]

1. e4 e5 2. Nf3 Nc6 3. Bc4 Bc5 4. O-O Nf6 5. Nc3 d6 6. d3 h6 7. Be3 Bb6 8. h3
O-O 9. Qd2 Nd4 10. Bxd4 Bxd4 11. Nxd4 exd4 12. Nd5 Nxd5 13. Bxd5 c6 14. Bb3 Qf6
15. c3 Qg6 16. cxd4 Bxh3 17. f4 Bd7 18. f5 Qf6 19. Rfe1 Qxd4+ 20. Qe3 Qxb2 21.
Rab1 Qf6 22. e5 dxe5 23. Qxe5 Qxe5 24. Rxe5 Rfe8 25. Rbe1 Rxe5 26. Rxe5 Re8 27.
Ra5 a6 28. d4 Re1+ 29. Kf2 Re4 30. d5 Re5 31. g4 Kf8 32. Kf3 Ke7 33. Kf4 f6 34.
d6+ Kxd6 35. Rxe5 fxe5+ 0-1

[Event "1er Open d'Espalion"]
[Site "Espalion (12)"]
[Date "2016.07.15"]
[Round "8.25"]
[White "Muller-Moingt, Bastien"]
[Black "Cernavska, Veronica"]
[Result "1-0"]
[WhiteElo "1009"]
[BlackElo "1399"]
[PlyCount "67"]
[EventDate "2016.??.??"]

1. e4 Nf6 2. Nc3 b6 3. d4 Bb7 4. Nf3 e6 5. Bc4 Bd6 6. O-O O-O 7. e5 Be7 8. exf6
Bxf6 9. Ne4 d5 10. Nxf6+ gxf6 11. Bb3 Nc6 12. Bh6 Re8 13. Ba4 Qd7 14. Bxc6 Bxc6
15. Qd3 Kh8 16. Rfe1 Qe7 17. Qc3 Bb5 18. Re2 Rad8 19. Rae1 Rd6 20. h3 Rg8 21.
Kh1 Rg6 22. Bf4 Rd7 23. Nh4 Rg8 24. Bh6 e5 25. dxe5 fxe5 26. Qxe5+ f6 27. Qxe7
Rxe7 28. Rxe7 Rd8 29. Rxc7 a5 30. Re6 Rf8 31. Rxf6 Rxf6 32. Rc8+ Be8 33. Rxe8+
Rf8 34. Rxf8# 1-0

[Event "1er Open d'Espalion"]
[Site "Espalion (12)"]
[Date "2016.07.16"]
[Round "9.1"]
[White "Lagunes, Jean-Renaud"]
[Black "Degraeve, Jean-Marc"]
[Result "0-1"]
[WhiteElo "2009"]
[BlackElo "2579"]
[PlyCount "54"]
[EventDate "2016.??.??"]

1. e4 e5 2. Nf3 Nc6 3. Bb5 Bc5 4. Qe2 Nd4 5. Nxd4 Bxd4 6. c3 Bb6 7. Na3 c6 8.
Ba4 Nf6 9. d3 h6 10. Be3 O-O 11. Rg1 d5 12. Bxb6 axb6 13. Bb3 Be6 14. O-O-O Nd7
15. d4 Qg5+ 16. Rd2 exd4 17. cxd4 dxe4 18. Bxe6 fxe6 19. Qxe4 Rxf2 20. Qxe6+
Kh8 21. Qe1 Rxd2 22. Qxd2 Qd5 23. Kb1 Nf6 24. Re1 Rd8 25. Re7 c5 26. Nb5 Qf5+
27. Kc1 Qf1+ 0-1

[Event "1er Open d'Espalion"]
[Site "Espalion (12)"]
[Date "2016.07.16"]
[Round "9.2"]
[White "Sulava, Nenad"]
[Black "Moingt, Jean-Claude"]
[Result "1-0"]
[WhiteElo "2418"]
[BlackElo "2177"]
[PlyCount "45"]
[EventDate "2016.??.??"]

1. Nf3 Nf6 2. c4 g6 3. Nc3 Bg7 4. d4 d6 5. Bg5 O-O 6. e3 Nbd7 7. Qc2 c5 8. Be2
a6 9. O-O Qa5 10. a3 Re8 11. Rfd1 h6 12. Bf4 g5 13. b4 cxb4 14. axb4 Qd8 (14...
Qxb4 15. Rdb1) 15. Bg3 Nh5 16. c5 Nxg3 17. hxg3 dxc5 18. dxc5 Bxc3 19. Qxc3 Qc7
20. Bc4 g4 21. Qc2 Ne5 (21... gxf3 22. Qg6+ Kh8 23. Qxh6+ Kg8 24. Qg6+ Kh8 25.
Qh5+ Kg7 26. Qxf7+ Kh6 27. Rd4) 22. Nxe5 Qxe5 23. Qg6+ 1-0

[Event "1er Open d'Espalion"]
[Site "Espalion (12)"]
[Date "2016.07.16"]
[Round "9.3"]
[White "Saucey, Michel"]
[Black "Tagnon, Nicole"]
[Result "1-0"]
[WhiteElo "2268"]
[BlackElo "1935"]
[PlyCount "55"]
[EventDate "2016.??.??"]

1. d4 Nf6 2. Nf3 e6 3. c4 c5 4. d5 exd5 5. cxd5 d6 6. Nc3 a6 7. a4 Bg4 8. Nd2
Nbd7 9. f3 Bh5 10. e4 Ne5 11. Be2 Nfd7 12. O-O g5 13. Re1 Bg7 14. Nf1 Qf6 15.
Ng3 Bg6 16. Nf5 Bxf5 17. exf5 Qxf5 18. Bd3 Qf6 19. Ne4 Qe7 20. Bxg5 f6 21. Bh4
Kf8 22. f4 Ng6 23. Nxc5 Qf7 24. Ne6+ Kg8 25. Bf2 Bh6 26. g3 Ne7 27. Qg4+ Bg7
28. Nxg7 1-0

[Event "1er Open d'Espalion"]
[Site "Espalion (12)"]
[Date "2016.07.16"]
[Round "9.4"]
[White "Moingt, Anne"]
[Black "Brison, Lucas"]
[Result "1/2-1/2"]
[WhiteElo "2073"]
[BlackElo "1856"]
[PlyCount "44"]
[EventDate "2016.??.??"]

1. e4 c5 2. Nf3 Nc6 3. d4 cxd4 4. Nxd4 g6 5. c4 Nf6 6. Nc3 Nxd4 7. Qxd4 d6 8.
Be3 Bg7 9. Be2 O-O 10. Qd2 a5 11. f3 a4 12. Rc1 Qa5 13. O-O Be6 14. Nd5 Qxd2
15. Nxe7+ Kh8 16. Bxd2 Rfe8 17. Nd5 Nxd5 18. cxd5 Bxd5 19. Bb5 Bc6 20. Bxc6
bxc6 21. Rxc6 Reb8 22. b3 axb3 1/2-1/2

[Event "1er Open d'Espalion"]
[Site "Espalion (12)"]
[Date "2016.07.16"]
[Round "9.5"]
[White "Jarreton, Herve"]
[Black "Caudrelier, Pierre"]
[Result "1-0"]
[WhiteElo "2010"]
[BlackElo "1618"]
[PlyCount "47"]
[EventDate "2016.??.??"]

1. e4 e5 2. Nf3 Nc6 3. d4 exd4 4. Nxd4 Bc5 5. Be3 Bb6 6. Nc3 Qf6 7. Nd5 Qg6 8.
Nb5 Ba5+ 9. c3 Kd8 10. b4 a6 11. Na3 Bb6 12. Nxb6 cxb6 13. Bxb6+ Ke8 14. Be2
Nge7 15. Nc4 Qxg2 16. Bf3 Qg6 17. Bc5 Qe6 18. Nd6+ Kf8 19. O-O Ne5 20. Bg2 Nc4
21. Nf5 d6 22. Nxd6 b6 23. Nxc4 bxc5 24. Qd8# 1-0

[Event "1er Open d'Espalion"]
[Site "Espalion (12)"]
[Date "2016.07.16"]
[Round "9.6"]
[White "Lagunes, Robin"]
[Black "Marazanof, Jean-Francois"]
[Result "1-0"]
[WhiteElo "1814"]
[BlackElo "1910"]
[PlyCount "61"]
[EventDate "2016.??.??"]

1. c4 c6 2. Nc3 d5 3. cxd5 cxd5 4. d4 Nf6 5. g3 Nc6 6. Bg2 Bf5 7. a3 e6 8. e3
Be7 9. Nge2 O-O 10. O-O Na5 11. f3 Qb6 12. e4 Bg6 13. b4 Nc4 14. exd5 Nxd5 15.
Nxd5 exd5 16. h3 Bf6 17. f4 Be4 18. g4 g6 19. Ra2 Rfe8 20. f5 gxf5 21. gxf5 Kh8
22. Bxe4 Rxe4 23. Rf4 Rg8+ 24. Kh1 Rge8 25. Rc2 Qd6 26. Rxe4 Rxe4 27. Qd3 Qe7
28. Bh6 b5 29. Qg3 Qd8 30. Nc3 Rxd4 31. Rg2 1-0

[Event "1er Open d'Espalion"]
[Site "Espalion (12)"]
[Date "2016.07.16"]
[Round "9.7"]
[White "Degraeve, Thomas"]
[Black "Flaujac, Benoit"]
[Result "1-0"]
[WhiteElo "1905"]
[BlackElo "1809"]
[PlyCount "81"]
[EventDate "2016.??.??"]

1. d4 Nf6 2. c4 e5 3. dxe5 Ng4 4. Nf3 Bc5 5. e3 Nc6 6. Nc3 Ngxe5 7. Nxe5 Nxe5
8. f4 Ng6 9. Bd3 a5 10. Bd2 c6 11. Qf3 O-O 12. O-O-O d5 13. h4 dxc4 14. Bxc4
Be6 15. Bxe6 fxe6 16. Ne4 Qb6 17. Nxc5 Qxc5+ 18. Bc3 b5 19. Kb1 b4 20. Bd4 Qf5+
21. Ka1 c5 22. g4 Qf7 23. Bxc5 Rfc8 24. Rc1 Ne5 25. Qe2 Nd7 26. Bd4 Nf6 27. g5
Nd5 28. h5 Qb7 29. Qg4 Rc6 30. e4 Rac8 31. Rcd1 Qc7 32. Kb1 Nc3+ 33. bxc3 bxc3
34. Ka1 c2 35. Rc1 Rd8 36. Be5 Qc8 37. f5 exf5 38. Qxf5 Qb7 39. g6 h6 40. Rhf1
Rb8 41. Bxb8 1-0

[Event "1er Open d'Espalion"]
[Site "Espalion (12)"]
[Date "2016.07.16"]
[Round "9.8"]
[White "Degraeve, Remy"]
[Black "Criticos, Kris"]
[Result "1-0"]
[WhiteElo "2015"]
[BlackElo "1641"]
[PlyCount "77"]
[EventDate "2016.??.??"]

1. d4 Nf6 2. c4 g6 3. Nc3 Bg7 4. e4 d6 5. f3 c6 6. Be3 Qc7 7. Qd2 h5 8. Bd3
Nbd7 9. Nge2 e5 10. O-O-O O-O 11. Rdg1 exd4 12. Nxd4 Ne5 13. Be2 a6 14. Kb1 b5
15. h4 c5 16. Nc2 bxc4 17. Bg5 Be6 18. Ne3 Rab8 19. g4 hxg4 20. h5 gxf3 21. h6
fxe2 22. hxg7 Kxg7 23. Bxf6+ Kxf6 24. Ned5+ Bxd5 25. Nxd5+ Ke6 26. Nxc7+ Kd7
27. Nxa6 Rb5 28. a4 e1=Q+ 29. Rxe1 Rb6 30. Nxc5+ Kc7 31. a5 Rb5 32. Na6+ Kc6
33. Nb4+ Kc7 34. Rd1 Rd8 35. a6 Kb6 36. a7 Ra5 37. Qd4+ Kb7 38. Nd5 Rxa7 39.
Qb6+ 1-0

[Event "1er Open d'Espalion"]
[Site "Espalion (12)"]
[Date "2016.07.16"]
[Round "9.9"]
[White "Dubois, Martine"]
[Black "Haverlan, Jules"]
[Result "1/2-1/2"]
[WhiteElo "1967"]
[BlackElo "1457"]
[PlyCount "68"]
[EventDate "2016.??.??"]

1. e4 Nf6 2. e5 Nd5 3. d4 d6 4. c4 Nb6 5. exd6 exd6 6. Nc3 Be7 7. Nf3 Bg4 8.
Be2 O-O 9. Be3 c6 10. b3 N8d7 11. Rc1 Nf6 12. O-O d5 13. c5 Nbd7 14. Na4 Ne4
15. b4 Ng5 16. Ne1 Bxe2 17. Qxe2 Re8 18. Qd3 Ne6 19. f4 Nc7 20. Nf3 a5 21. bxa5
Rxa5 22. Nc3 Nb5 23. Nxb5 Rxb5 24. Bd2 Qa8 25. a3 Nf6 26. Bb4 Qa4 27. Rfe1 b6
28. cxb6 Bxb4 29. Rxe8+ Nxe8 30. axb4 Rxb6 31. Ne5 Nf6 32. b5 Rxb5 33. Nxc6 Qb3
34. Ra1 g6 1/2-1/2

[Event "1er Open d'Espalion"]
[Site "Espalion (12)"]
[Date "2016.07.16"]
[Round "9.11"]
[White "Kohler, Paul"]
[Black "Ferraye, Nicolas"]
[Result "0-1"]
[WhiteElo "1864"]
[BlackElo "1629"]
[PlyCount "76"]
[EventDate "2016.??.??"]

1. Nf3 d5 2. c4 c6 3. e3 Bf5 4. Qb3 Qc7 5. Nc3 e6 6. Nh4 Bg6 7. d4 Be7 8. Nxg6
hxg6 9. g3 b6 10. Bg2 Nf6 11. O-O Bd6 12. cxd5 exd5 13. e4 dxe4 14. Bg5 Nbd7
15. Rac1 c5 16. Rfe1 O-O 17. Nxe4 Nxe4 18. Bxe4 Rac8 19. Bxg6 c4 20. Qe3 fxg6
21. Qe6+ Rf7 22. Qxg6 Nf8 23. Qh5 Nh7 24. Re4 Nf6 25. Bxf6 Rxf6 26. Rce1 Rcf8
27. f4 Qf7 28. Qf3 Rh6 29. Qc3 a5 30. a3 Bc7 31. Re7 Qh5 32. Qxc4+ Kh8 33. Qxc7
Qxh2+ 34. Kf1 Qxg3 35. Ke2 Rh2+ 36. Kd1 Qd3+ 37. Kc1 Qd2+ 38. Kb1 Qxb2# 0-1

[Event "1er Open d'Espalion"]
[Site "Espalion (12)"]
[Date "2016.07.16"]
[Round "9.12"]
[White "Rollot, Florence"]
[Black "Gaubert, Cedric"]
[Result "1/2-1/2"]
[WhiteElo "1845"]
[BlackElo "1518"]
[PlyCount "58"]
[EventDate "2016.??.??"]

1. Nf3 d5 2. c4 c6 3. b3 Nf6 4. Bb2 Bf5 5. g3 e6 6. Bg2 h6 7. d3 Be7 8. Nbd2
O-O 9. O-O Nbd7 10. Re1 Bh7 11. Qc2 Rc8 12. Rad1 Qc7 13. e4 Rfd8 14. Qc3 Bf8
15. b4 Nb6 16. Qb3 dxc4 17. Nxc4 Nxc4 18. Qxc4 Nd7 19. Bh3 Qd6 20. a3 c5 21. b5
Rc7 22. a4 b6 23. e5 Qe7 24. Bc1 Nb8 25. Nh4 Qd7 26. Qg4 Qd4 27. Bf4 Kh8 28.
Ra1 g5 29. Nf3 Qb4 1/2-1/2

[Event "1er Open d'Espalion"]
[Site "Espalion (12)"]
[Date "2016.07.16"]
[Round "9.13"]
[White "Lemaire, Frederic"]
[Black "Alnakshbandi, Raed"]
[Result "0-1"]
[WhiteElo "1468"]
[BlackElo "1824"]
[PlyCount "138"]
[EventDate "2016.??.??"]

1. d4 d5 2. Nf3 e6 3. e3 f5 4. b3 Nf6 5. Bb2 Bd6 6. Nbd2 O-O 7. Bd3 Ne4 8. Qe2
Bd7 9. Ne5 Nxd2 10. Qxd2 Be8 11. O-O Nd7 12. f4 Nxe5 13. dxe5 Be7 14. Rf3 Bh5
15. Rh3 Bg4 16. Rg3 h5 17. Be2 Bh4 18. Rf3 Bxf3 19. Bxf3 g6 20. Qe2 Be7 21. Rd1
Qe8 22. Qf2 Rf7 23. Qg3 Rg7 24. Kh1 Kh7 25. Qf2 c6 26. Bc3 Bc5 27. b4 Be7 28.
a3 h4 29. Rg1 g5 30. fxg5 Bxg5 31. Qe2 Qg6 32. Bh5 Qh6 33. Bd4 b6 34. Bf3 Rc8
35. Re1 c5 36. bxc5 bxc5 37. Bc3 Rb8 38. Qd3 Rgb7 39. h3 Rb1 40. Bd1 Qg6 41.
Qa6 Qf7 42. Bd2 d4 43. Qe2 Rd8 44. e4 f4 45. Rf1 Rf8 46. Qg4 Qg6 47. Qf3 Bh6
48. Kg1 Rg8 49. Be1 Qg5 50. Bd2 Qg6 51. Rf2 Qg3 52. Rf1 Qxf3 53. Bxf3 Rxf1+ 54.
Kxf1 Kg6 55. Bg4 Kf7 56. a4 Rb8 57. a5 Rb2 58. Bd1 c4 59. Ke2 Rb1 60. Be1 Bg5
61. Bf2 d3+ 62. cxd3 cxd3+ 63. Ke1 a6 64. Bc5 Ke8 65. Bd6 Kd7 66. Bf8 Kc6 67.
Bd6 Kb5 68. Bc7 Kc4 69. Bd6 Kd4 0-1

[Event "1er Open d'Espalion"]
[Site "Espalion (12)"]
[Date "2016.07.16"]
[Round "9.14"]
[White "Herrero, Alain"]
[Black "Carno, Matthias"]
[Result "0-1"]
[WhiteElo "1676"]
[BlackElo "1792"]
[PlyCount "86"]
[EventDate "2016.??.??"]

1. d4 d5 2. c4 e5 3. dxe5 d4 4. Nf3 Nc6 5. a3 a5 6. g3 Bg4 7. Bg2 Rb8 8. Nbd2
d3 9. O-O Nxe5 10. exd3 Nxd3 11. Qe2+ Be7 12. Rd1 Nxc1 13. Raxc1 Qc8 14. Ne4
Qe6 15. Re1 Nf6 16. Qc2 O-O 17. Nfg5 Qf5 18. h3 Nxe4 19. Bxe4 Qxg5 20. hxg4 g6
21. c5 Bf6 22. Bf3 Rfd8 23. Rcd1 c6 24. b4 axb4 25. axb4 Qh6 26. Bg2 Qg7 27.
Rd6 Bc3 28. Red1 Rxd6 29. cxd6 Bxb4 30. Qa4 Bc5 31. Qb3 Qe5 32. Bxc6 Bxd6 33.
Bd5 Qe7 34. Bxf7+ Qxf7 35. Qxf7+ Kxf7 36. Rxd6 b5 37. Rd3 Ke6 38. f4 b4 39. Rb3
Kd5 40. Kf2 Kc4 41. Rb1 Re8 42. Kf3 b3 43. f5 g5 0-1

[Event "1er Open d'Espalion"]
[Site "Espalion (12)"]
[Date "2016.07.16"]
[Round "9.15"]
[White "Verat-Fayolle, Celian"]
[Black "Brochet, Thierry"]
[Result "1-0"]
[WhiteElo "1680"]
[BlackElo "1582"]
[PlyCount "65"]
[EventDate "2016.??.??"]

1. e4 c5 2. Nf3 a6 3. d4 cxd4 4. Nxd4 Nf6 5. Nc3 e5 6. Nf3 Bb4 7. Bd3 Bxc3+ 8.
bxc3 d5 9. Qe2 dxe4 10. Bxe4 Nxe4 11. Qxe4 O-O 12. O-O Nc6 13. Ba3 Re8 14. Rfd1
Qf6 15. Rd6 Qf5 16. Qe2 Qh5 17. h3 e4 18. Nd4 Qxe2 19. Nxe2 Bf5 20. Nd4 Nxd4
21. cxd4 Rac8 22. Rc1 e3 23. fxe3 Rxc2 24. Rxc2 Bxc2 25. Rd7 Be4 26. d5 h6 27.
Bb4 Rc8 28. d6 Rc1+ 29. Kh2 Rc2 30. Kg3 Bf5 31. Rd8+ Kh7 32. d7 Rc7 33. Rh8+
1-0

[Event "1er Open d'Espalion"]
[Site "Espalion (12)"]
[Date "2016.07.16"]
[Round "9.16"]
[White "Meyer, Bernard"]
[Black "Mourgues, Joelle"]
[Result "0-1"]
[WhiteElo "1354"]
[BlackElo "1717"]
[PlyCount "92"]
[EventDate "2016.??.??"]

1. d4 Nf6 2. c4 e6 3. Nc3 Bb4 4. Bd2 Bxc3 5. Bxc3 Ne4 6. Bb4 a5 7. Ba3 d6 8. e3
f5 9. Bd3 Nf6 10. c5 O-O 11. Nf3 Nc6 12. O-O Kh8 13. Bc2 Ne4 14. Nd2 d5 15. Nf3
g5 16. Ba4 g4 17. Bxc6 bxc6 18. Ne5 Qe8 19. b4 Ba6 20. Re1 Bb5 21. bxa5 Rg8 22.
Bb4 Rb8 23. a4 Ba6 24. Bd2 Rb2 25. Bc1 Rxf2 26. Qb3 g3 27. h3 Ng5 28. e4 Nxe4
29. Be3 f4 30. Kh1 fxe3 31. Qxe3 Rf5 32. Ng4 Nf2+ 33. Nxf2 gxf2 34. Rf1 Bxf1
35. Rxf1 Qg6 36. Rxf2 Rg5 37. g4 h5 38. Rg2 hxg4 39. h4 Rh5 40. Qg3 Qf6 41. Rh2
Qf3+ 42. Rg2 Qe4 43. Qf2 g3 44. Qf6+ Rg7 45. Qf8+ Kh7 46. Qf6 Rxh4+ 0-1

[Event "1er Open d'Espalion"]
[Site "Espalion (12)"]
[Date "2016.07.16"]
[Round "9.17"]
[White "Rollot, Nathalie"]
[Black "Malart, Jacques"]
[Result "0-1"]
[WhiteElo "1344"]
[BlackElo "1687"]
[PlyCount "118"]
[EventDate "2016.??.??"]

1. e4 e5 2. Nf3 Nc6 3. Bc4 d6 4. O-O Bg4 5. h3 Bh5 6. Be2 Nf6 7. Nc3 a6 8. d4
Bxf3 9. Bxf3 exd4 10. Nd5 Be7 11. Re1 O-O 12. Bf4 Re8 13. Qd2 Nd7 14. Rad1 Nde5
15. Be2 Ng6 16. Bc4 Nge5 17. Be2 Rb8 18. c3 dxc3 19. Qxc3 Bf6 20. Qg3 Ng6 21.
Bd3 Be5 22. Bxe5 Ncxe5 23. f4 Nxd3 24. Rxd3 c6 25. Nc3 Qa5 26. Rxd6 Qc5+ 27.
Kh1 Qxd6 28. e5 Qd4 29. f5 Qf4 30. Re3 Qxg3 31. Rxg3 Nxe5 32. Ne4 Kf8 33. f6
Ng6 34. fxg7+ Kxg7 35. Nd6 Re6 36. Nf5+ Kf8 37. Rf3 Rf6 38. g4 Ne7 39. Kg2 Nxf5
40. gxf5 Ke7 41. Kg3 Rg8+ 42. Kf4 Rd6 43. Ke4 Rg2 44. Rb3 b5 45. Ra3 Rgd2 46.
Kf4 c5 47. Re3+ Kd7 48. Rg3 R2d4+ 49. Kg5 h6+ 50. Kh5 Rf6 51. Rf3 Kd6 52. Rf2
Ke5 53. b3 Rxf5+ 54. Rxf5+ Kxf5 55. Kxh6 Rh4+ 56. Kg7 f6 57. Kf7 Rh7+ 58. Ke8
Kg6 59. Kd8 f5 0-1

[Event "1er Open d'Espalion"]
[Site "Espalion (12)"]
[Date "2016.07.16"]
[Round "9.19"]
[White "Kedinger, Christian"]
[Black "Ausseil, Pascal"]
[Result "1-0"]
[WhiteElo "1820"]
[BlackElo "1399"]
[PlyCount "107"]
[EventDate "2016.??.??"]

1. e4 e5 2. Nf3 Nc6 3. c3 Nf6 4. d4 d6 5. d5 Ne7 6. Qc2 c6 7. c4 h6 8. Be2 g5
9. Nc3 Bd7 10. dxc6 bxc6 11. c5 Ng6 12. cxd6 Bxd6 13. O-O Qc8 14. Rd1 Qc7 15.
b3 O-O 16. Na4 Rfd8 17. Be3 Bg4 18. Rac1 Be7 19. h3 Bxf3 20. Bxf3 Rxd1+ 21.
Rxd1 Nh4 22. Be2 Rd8 23. Rxd8+ Bxd8 24. f3 Nd7 25. b4 Ng6 26. Bc4 Ngf8 27. Qb3
Nb6 28. Be2 Ne6 29. Bd1 Nd4 30. Bxd4 exd4 31. Nc5 Bf6 32. Nd3 Be7 33. Qc2 Kf8
34. a4 Qd6 35. a5 Nd7 36. Qc4 c5 37. Bb3 Qf6 38. bxc5 Nxc5 39. Nxc5 Bxc5 40.
Qxc5+ Kg7 41. Qxa7 h5 42. Qxf7+ Qxf7 43. Bxf7 Kxf7 44. a6 d3 45. Kf2 g4 46.
hxg4 hxg4 47. a7 g3+ 48. Ke1 Ke6 49. Kd2 Ke5 50. Kxd3 Kf4 51. a8=Q Kg5 52. Qd5+
Kh4 53. f4 Kg4 54. Qg5# 1-0

[Event "1er Open d'Espalion"]
[Site "Espalion (12)"]
[Date "2016.07.16"]
[Round "9.20"]
[White "Fabre, Jean-Michel"]
[Black "Moulie, Patrick"]
[Result "1-0"]
[WhiteElo "1328"]
[BlackElo "1611"]
[PlyCount "63"]
[EventDate "2016.??.??"]

1. d4 Nf6 2. c4 d6 3. Nc3 Nbd7 4. e4 e5 5. d5 Be7 6. Nf3 Nc5 7. Bd3 Nxd3+ 8.
Qxd3 O-O 9. O-O Bg4 10. h3 Bh5 11. Nh4 Nxd5 12. Qxd5 c6 13. Qd3 Bxh4 14. Be3
Be7 15. f4 exf4 16. Bxf4 Qb6+ 17. Kh1 Rad8 18. Rab1 Bg6 19. Rfe1 f5 20. Qf3
fxe4 21. Nxe4 d5 22. cxd5 cxd5 23. Nc3 Bb4 24. Rbd1 d4 25. Nd5 Qa5 26. Re5 Rxd5
27. Rxd5 Rxf4 28. Qxf4 Qxd5 29. Rxd4 Bd6 30. Qxd6 Qxa2 31. Qd8+ Kf7 32. Rf4+
1-0